Learning Resource and Development

Designing and prototyping interfaces with Figma : (Record no. 29231)

MARC details
000 -LEADER
fixed length control field 03312nam a2200301 i 4500
003 - CONTROL NUMBER IDENTIFIER
control field CSPC
005 - DATE AND TIME OF LATEST TRANSACTION
control field 20250321135533.0
008 - FIXED-LENGTH DATA ELEMENTS--GENERAL INFORMATION
fixed length control field 250320s2023 -uka 001 0 eng d
020 ## - INTERNATIONAL STANDARD BOOK NUMBER
International Standard Book Number 9781835464601
040 ## - CATALOGING SOURCE
Transcribing agency CSPC
Original cataloging agency CSPC
Language of cataloging eng
Description conventions rda
050 04 - LIBRARY OF CONGRESS CALL NUMBER
Classification number QA76.9.U83
082 04 - DEWEY DECIMAL CLASSIFICATION NUMBER
Classification number 005.437
Item number St15d
Edition number 23
100 1# - MAIN ENTRY--PERSONAL NAME
Personal name Staiano, Fabio,
Relator term author.
245 10 - TITLE STATEMENT
Title Designing and prototyping interfaces with Figma :
Remainder of title elevate your design craft with UX/UI principles and create interactive prototypes /
Statement of responsibility, etc. Fabio Staiano.
250 ## - EDITION STATEMENT
Edition statement Second edition.
264 #1 - PRODUCTION, PUBLICATION, DISTRIBUTION, MANUFACTURE, AND COPYRIGHT NOTICE
Place of production, publication, distribution, manufacture Birmingham, UK :
Name of producer, publisher, distributor, manufacturer Packt Publishing Ltd.,
Date of production, publication, distribution, manufacture, or copyright notice 2023.
300 ## - PHYSICAL DESCRIPTION
Extent xxi, 439 pages :
Other physical details illustrations ;
Dimensions 24 cm.
336 ## - CONTENT TYPE
Source rdacontent
Content type term text
337 ## - MEDIA TYPE
Source rdamedia
Media type term unmediated
338 ## - CARRIER TYPE
Source rdacarrier
Carrier type term volume
500 ## - GENERAL NOTE
General note Includes index.
505 0# - FORMATTED CONTENTS NOTE
Formatted contents note Part 1: Introduction to Figma and FigJam -- Exploring Figma and transitioning from other tools -- Structuring mood boards, personas, and user flows within Fig Jam -- Getting to know your design environment -- Wireframing a mobile-first experience using vector shapes -- Part 2: Exploring components, styles, and variants -- Designing consistently using grids, colors, and typography -- Creating a responsive mobile interface using auto layout -- Building components and variants in a collaborative workspace -- User interface design on tablet, desktop, and the web -- Part 3: Prototyping and sharing -- Prototyping with transitions, smart animate, and interactive components -- Testing and sharing your prototype in browsers and real devices -- Exporting assets and managing the handover process -- Discovering resources, plugins, and widgets in the Figma community -- Going advanced with variables and conditional prototyping.
520 ## - SUMMARY, ETC.
Summary, etc. Are you a UI/UX designer eager to learn the art of creating compelling interfaces using Figma? Look no further! The highly anticipated new edition is here to transform your creative journey. Explore Figma's latest features and delve into the power of variables and conditional Prototyping. Get ready to transform your static designs into dynamic, interactive prototypes, offering users and stakeholders an immersive experience. Stay at the forefront of design innovation with insights into integrating AI capabilities and optimizing your workflow with the latest Figma plugins. With user-centric design at its core, this book guides you through mastering design thinking, enabling you to tackle complex design challenges with ease. One unique aspect of this edition is its focus on effective communication. Learn how to convey your design vision clearly to both technical and non-technical audiences. In the rapidly changing world of UI/UX design, iteration is key. This book will teach you how to gather user feedback and iterate on your designs by creating interactive prototypes. Whether you're new to Figma or a seasoned pro, this comprehensive guide equips you with the skills to create captivating interfaces, fosters creativity and problem-solving, and makes you an indispensable, forward-thinking designer.
650 #0 - SUBJECT ADDED ENTRY--TOPICAL TERM
Topical term or geographic name entry element User interfaces (Computer systems)
Form subdivision Design.
650 #0 - SUBJECT ADDED ENTRY--TOPICAL TERM
Topical term or geographic name entry element Computer graphics.
942 ## - ADDED ENTRY ELEMENTS (KOHA)
Source of classification or shelving scheme Dewey Decimal Classification
Suppress in OPAC No
Koha item type Books
Classification part 005.437
Item part St15d
Call number prefix CIR
Call number suffix 2023
Edition 23
Holdings
Withdrawn status Lost status Source of classification or shelving scheme Damaged status Not for loan Home library Current library Shelving location Date acquired Total Checkouts Full call number Barcode Date last seen Copy number Price effective from Koha item type
    Dewey Decimal Classification     Main Library Main Library Circulation Section 03/20/2025   CIR 005.437 St15d 2023 029329 03/20/2025 1-1 03/20/2025 Books